Mobile computing: (Record no. 193305)
[ view plain ]
| 000 -LEADER | |
|---|---|
| fixed length control field | 00860nam a2200241Ia 4500 |
| 005 - DATE AND TIME OF LATEST TRANSACTION | |
| control field | 20221124113742.0 |
| 008 - FIXED-LENGTH DATA ELEMENTS--GENERAL INFORMATION | |
| fixed length control field | 210716s2011 xx 000 0 und d |
| 020 ## - INTERNATIONAL STANDARD BOOK NUMBER | |
| International Standard Book Number | 9780070144576 |
| 040 ## - CATALOGING SOURCE | |
| Transcribing agency | AIMIT LIBRARY |
| 041 ## - LANGUAGE CODE | |
| Language code of text/sound track or separate title | eng |
| 082 ## - DEWEY DECIMAL CLASSIFICATION NUMBER | |
| Classification number | 621.3821 |
| Edition number | 2 |
| Item number | TALA |
| 100 ## - MAIN ENTRY--PERSONAL NAME | |
| Personal name | Talukder, Asoke K. |
| 9 (RLIN) | 63554 |
| 245 ## - TITLE STATEMENT | |
| Title | Mobile computing: |
| Remainder of title | technology applications and service creation / |
| Statement of responsibility, etc. | By Asoke K Talukder, Hasan Ahmed and Roopa R Yavagal. |
| 250 ## - EDITION STATEMENT | |
| Edition statement | 2nd ed. |
| 260 ## - PUBLICATION, DISTRIBUTION, ETC. | |
| Place of publication, distribution, etc. | New Delhi : |
| Name of publisher, distributor, etc. | Tata McGraw Hill Publishing Company Ltd , |
| Date of publication, distribution, etc. | 2011. |
| 300 ## - PHYSICAL DESCRIPTION | |
| Extent | xliii,627p. ; |
| Dimensions | 23 cm. |
| 650 ## - SUBJECT ADDED ENTRY--TOPICAL TERM | |
| Topical term or geographic name entry element | Mobile computing Architecture |
| 9 (RLIN) | 63555 |
| 650 ## - SUBJECT ADDED ENTRY--TOPICAL TERM | |
| Topical term or geographic name entry element | Mobile computing through telephony |
| 9 (RLIN) | 63556 |
| 650 ## - SUBJECT ADDED ENTRY--TOPICAL TERM | |
| Topical term or geographic name entry element | Wireless application protocol |
| 9 (RLIN) | 63557 |
| 700 ## - ADDED ENTRY--PERSONAL NAME | |
| Personal name | Ahmed, Hasan. |
| 9 (RLIN) | 63558 |
| 700 ## - ADDED ENTRY--PERSONAL NAME | |
| Personal name | Yavagal, Roopa R. |
| 9 (RLIN) | 63559 |
| 942 ## - ADDED ENTRY ELEMENTS (KOHA) | |
| Source of classification or shelving scheme | Dewey Decimal Classification |
| Koha item type | Book |
| Edition | 2nd |
| Call number prefix | 621.3821 TALA |
| Withdrawn status | Lost status | Source of classification or shelving scheme | Damaged status | Not for loan | Collection code | Home library | Current library | Source of acquisition | Cost, normal purchase price | Inventory number | Total Checkouts | Full call number | Barcode | Date last seen | Cost, replacement price | Price effective from | Koha item type | Date last checked out |
|---|---|---|---|---|---|---|---|---|---|---|---|---|---|---|---|---|---|---|
| Dewey Decimal Classification | Reference Book | MCA | St Aloysius Institute of Management & Information Technology | St Aloysius Institute of Management & Information Technology | Higginbothams Pvt Ltd | 425.00 | Bill no:2138; Bill dt:2012-03-23 | 621.3821 TALA | MCA11833 | 07/21/2025 | 318.75 | 07/16/2021 | Book | |||||
| Dewey Decimal Classification | MCA | St Aloysius Institute of Management & Information Technology | St Aloysius Institute of Management & Information Technology | Higginbothams Pvt Ltd | 425.00 | Bill no:2138; Bill dt:2012-03-23 | 621.3821 TALA | MCA12759 | 07/21/2025 | 318.75 | 07/16/2021 | Book | ||||||
| Dewey Decimal Classification | MCA | St Aloysius Institute of Management & Information Technology | St Aloysius Institute of Management & Information Technology | Higginbothams Pvt Ltd | 495.00 | Bill no:716; Bill dt:2013-07-18 | 621.3821 TALA | MCA12812 | 07/21/2025 | 371.25 | 07/16/2021 | Book | ||||||
| Dewey Decimal Classification | MCA | St Aloysius Institute of Management & Information Technology | St Aloysius Institute of Management & Information Technology | Higginbothams Pvt Ltd | 495.00 | Bill no:716; Bill dt:2013-07-18 | 621.3821 TALA | MCA12813 | 07/21/2025 | 371.25 | 07/16/2021 | Book | ||||||
| Dewey Decimal Classification | MCA | St Aloysius Institute of Management & Information Technology | St Aloysius Institute of Management & Information Technology | Higginbothams Pvt Ltd | 495.00 | Bill no:716; Bill dt:2013-07-18 | 621.3821 TALA | MCA12814 | 07/21/2025 | 371.25 | 07/16/2021 | Book | ||||||
| Dewey Decimal Classification | MCA | St Aloysius Institute of Management & Information Technology | St Aloysius Institute of Management & Information Technology | Higginbothams Pvt Ltd | 495.00 | Bill no:716; Bill dt:2013-07-18 | 1 | 621.3821 TALA | MCA12815 | 07/21/2025 | 371.25 | 07/16/2021 | Book | 09/25/2024 | ||||
| Dewey Decimal Classification | MCA | St Aloysius Institute of Management & Information Technology | St Aloysius Institute of Management & Information Technology | Higginbothams Pvt Ltd | 495.00 | Bill no:716; Bill dt:2013-07-18 | 621.3821 TALA | MCA12816 | 07/21/2025 | 371.25 | 07/16/2021 | Book | ||||||
| Dewey Decimal Classification | MCA | St Aloysius Institute of Management & Information Technology | St Aloysius Institute of Management & Information Technology | Higginbothams Pvt Ltd | 495.00 | Bill no:1492; Bill dt:2014-03-15 | 621.3821 TALA | MCA13363 | 07/21/2025 | 371.25 | 07/16/2021 | Book | ||||||
| Dewey Decimal Classification | MCA | St Aloysius Institute of Management & Information Technology | St Aloysius Institute of Management & Information Technology | Higginbothams Pvt Ltd | 495.00 | Bill no:1492; Bill dt:2014-03-15 | 1 | 621.3821 TALA | MCA13364 | 07/21/2025 | 371.25 | 07/16/2021 | Book | 09/23/2022 |